[Event "Nat. Club Major"]
[Site "Birmingham ENG"]
[Date "2015.04.12"]
[Round "3.221"]
[White "Chan, Nevil"]
[Black "Spearman, David"]
[Result "1/2-1/2"]
[WhiteElo "179"]
[BlackElo "188"]
[EventDate "2015.04.12"]
[WhiteTeam "Drunken Knights"]
[BlackTeam "Wanstead & Woodford 1"]

1.d4 Nf6 2.Nc3 d5 3.Bg5 Nbd7 4.Nf3 c6 5.e3 h6 6.Bh4 Qb6 7.Rb1 g5 8.Bg3 Bg7
9.Ne5 h5 10.h4 g4 11.Bd3 Nxe5 12.Bxe5 Be6 13.b4 Qd8 14.Ne2 Qc8 15.Ng3 Bd7 
16.c3 a5 17.a3 b5 18.Qc2 Kf8 19.O-O a4 20.Rbe1 Ne8 21.Bxg7+ Nxg7 22.e4 Be6
23.e5 Ke8 24.Ne2 Bf5 25.Nf4 Bxd3 26.Qxd3 Qf5 27.Qxf5 Nxf5 28.g3 e6 29.Re2 
1/2-1/2

[Event "Nat. Club Major"]
[Site "Birmingham ENG"]
[Date "2015.04.12"]
[Round "3.222"]
[White "Reynolds, D Ian W"]
[Black "Foley, John P"]
[Result "1-0"]
[WhiteElo "186"]
[BlackElo "178"]
[EventDate "2015.04.12"]
[WhiteTeam "Wanstead & Woodford 1"]
[BlackTeam "Drunken Knights"]

1.e4 c6 2.d4 d5 3.Nc3 dxe4 4.Nxe4 Nf6 5.Nxf6+ exf6 6.c3 Bd6 7.Bd3 Nd7 8.
Ne2 Qc7 9.Be3 b5 10.Qd2 Nb6 11.Bf4 Be6 12.Bxd6 Qxd6 13.O-O O-O 14.Rfe1 
Rfe8 15.Qf4 Qxf4 16.Nxf4 g6 17.b3 a6 18.Kf1 Kf8 19.Re2 Rad8 20.Rae1 Bd7 
21.Rxe8+ Bxe8 22.Rd1 f5 23.Be2 Nd5 24.Nxd5 Rxd5 25.Bf3 Rd8 26.b4 g5 27.g3 
a5 28.d5 axb4 29.cxb4 cxd5 30.Rxd5 Rxd5 31.Bxd5 Ke7 32.f4 Kd6 33.Bb3 f6 
34.Ke2 h5 35.Ke3 Bc6 36.Kd4 Be8 37.Bc2 Bd7 38.h4 Bc6 39.Bd3 gxh4 40.gxh4 
Bd7 41.Bf1 Bc6 42.Be2 Be8 43.Bf3 Bf7 44.a3 Be8 45.Bd5 Bg6 46.Bg8 Be8 47.
Bh7 Bf7 48.Bxf5 Be8 49.Bd3 Bd7 50.Bf1 Bc6 51.Be2 Be8 52.Bf3 Bf7 53.Be2 Be8
54.Bf3 Bf7 55.Be4 Be8 56.Bf5 Bf7 57.Be4 Be8 58.Kc3 Ke6 59.Kb3 Kd6 60.a4 
bxa4+ 61.Ka3 Ke6 62.Bc2 Kd5 63.Bxa4 Bg6 64.Bd1 Bd3 65.Bxh5 Bb5 66.Bg6 Ke6 
67.Kb3 f5 68.Kc3 Kf6 69.Bh5 Ke6 70.Kd4 Kd6 71.Bf7 Ke7 72.Bc4 Bc6 73.Ke5 
Be4 74.h5 Kf8 75.Kf6 1-0

[Event "Nat. Club Major"]
[Site "Birmingham ENG"]
[Date "2015.04.12"]
[Round "3.223"]
[White "Kane, Robert (Bob) B"]
[Black "Boardman, Jeffrey"]
[Result "1/2-1/2"]
[WhiteElo "173"]
[BlackElo "179"]
[EventDate "2015.04.12"]
[WhiteTeam "Drunken Knights"]
[BlackTeam "Wanstead & Woodford 1"]

1.d4 d5 2.Nf3 c6 3.e3 Bf5 4.c4 e6 5.Nc3 Nf6 6.Qb3 Qb6 7.c5 Qxb3 8.axb3 Be7
9.b4 O-O 10.b5 cxb5 11.Bxb5 Rc8 12.Bd2 Nc6 13.Na4 Ne4 14.Nc3 Nb4 15.O-O 
Nxd2 16.Nxd2 Bd3 17.Bxd3 Nxd3 18.Ra4 b6 19.b4 a5 20.Rfa1 Nxb4 21.cxb6 Rxc3
22.Rxa5 Rxa5 23.Rxa5 Rc1+ 24.Nf1 Nc6 25.Ra8+ Bd8 26.b7 Rb1 27.Rc8 Kf8 28.
Rxc6 Rxb7 29.g4 Rb2 30.Kg2 Ke7 31.Ng3 g6 32.Kf3 Ba5 33.Ra6 Be1 34.Ne2 Kf6 
35.h4 h5 36.gxh5 gxh5 37.Ra8 Kg7 38.Ra1 Bb4 39.Rg1+ Kh6 40.Nf4 Bd6 41.Nh3 
Be7 42.Ng5 Bxg5 43.Rxg5 Rb1 44.Rg2 Rh1 45.Kg3 Kg6 46.f3 Kf6 47.Ra2 Rg1+ 
48.Kf2 Rh1 49.Kg3 Re1 50.Kf2 Rh1 51.Kg3 Kf5 52.Ra7 f6 53.Rh7 Kg6 54.Re7 
Kf5 55.Rh7 Kg6 56.Re7 Kf5 1/2-1/2

[Event "Nat. Club Major"]
[Site "Birmingham ENG"]
[Date "2015.04.12"]
[Round "3.224"]
[White "Warden, Michael J"]
[Black "Breed, Greg J"]
[Result "0-1"]
[WhiteElo "134"]
[BlackElo "150"]
[EventDate "2015.04.12"]
[WhiteTeam "Wanstead & Woodford 1"]
[BlackTeam "Drunken Knights"]

1.e4 c5 2.c3 d5 3.exd5 Qxd5 4.Nf3 Nf6 5.Na3 a6 6.Bc4 Qh5 7.O-O Bg4 8.Be2 
e6 9.Nc4 Nbd7 10.d4 cxd4 11.Qxd4 Bc5 12.Qd3 Bf5 13.Nd6+ Ke7 14.Nxf5+ Qxf5 
15.Qxf5 exf5 16.Nh4 g6 17.Bf3 Ne4 18.g3 Ne5 19.Bxe4 fxe4 20.Be3 Bxe3 21.
fxe3 Rhd8 22.Rad1 Rd3 23.Rxd3 exd3 24.Rd1 Rd8 25.Ng2 Nf3+ 26.Kf2 Nxh2 27.
Nf4 Kf6 28.Rxd3 Ng4+ 29.Ke2 Rxd3 30.Nxd3 Kg5 31.Nc5 Ne5 32.Nxb7 Kg4 33.Kf2
Nd3+ 34.Kg2 Nxb2 35.Nd6 f5 36.c4 Nd1 37.c5 Nxe3+ 38.Kf2 Nd5 39.c6 Nc7 40.
a4 h5 41.a5 f4 42.gxf4 Kxf4 43.Nf7 h4 44.Nh8 g5 45.Ng6+ Kf5 46.Ne7+ Ke6 
47.Ng6 Kf6 48.Nf8 Ke7 49.Ng6+ Kd6 50.Kf3 Kxc6 51.Nf8 Kd5 52.Kg4 Ne6 53.Nd7
Kc6 54.Ne5+ Kb5 55.Nf3 Kxa5 56.Kf5 h3 57.Kg4 Kb4 58.Kxh3 a5 59.Ne5 a4 60.
Nd3+ Kc3 61.Nc1 a3 62.Na2+ Kb2 63.Nb4 Nc5 64.Kg4 Kb3 0-1

[Event "Nat. Club Major"]
[Site "Birmingham ENG"]
[Date "2015.04.12"]
[Round "3.231"]
[White "James, Russell A"]
[Black "Fielding, Thomas"]
[Result "1-0"]
[WhiteElo "195"]
[BlackElo "190"]
[EventDate "2015.04.12"]
[WhiteTeam "Solihull"]
[BlackTeam "DHSS 1"]

1.c4 Nf6 2.d4 g6 3.Nc3 d5 4.cxd5 Nxd5 5.e4 Nxc3 6.bxc3 Bg7 7.Nf3 c5 8.Rb1 
O-O 9.Be2 b6 10.O-O Bb7 11.d5 Bxc3 12.Bh6 Bg7 13.Qd2 Ba6 14.Bxa6 Nxa6 15.
Bxg7 Kxg7 16.Qc3+ Kg8 17.Rfd1 Qd7 18.Ne5 Qc7 19.d6 Qb7 20.dxe7 Qxe7 21.Ng4
Qh4 22.Nf6+ Kh8 23.Rd3 Nb4 24.Rh3 1-0

[Event "Nat. Club Major"]
[Site "Birmingham ENG"]
[Date "2015.04.12"]
[Round "3.232"]
[White "Cook, Gary"]
[Black "Carpenter, Raymond"]
[Result "1-0"]
[WhiteElo "173"]
[BlackElo "164"]
[EventDate "2015.04.12"]
[WhiteTeam "DHSS 1"]
[BlackTeam "Solihull"]

1.d4 Nf6 2.Bg5 d5 3.c4 c6 4.cxd5 cxd5 5.Nc3 Nc6 6.Nf3 g6 7.Bxf6 exf6 8.Qb3
Bb4 9.e3 Qa5 10.Be2 O-O 11.O-O Be6 12.Rfc1 Rab8 13.a3 Be7 14.Nd2 f5 15.Bf3
Rfd8 16.Qa2 Rd7 17.b4 Qd8 18.Na4 Rc8 19.Nc5 Rdc7 20.Rc2 Nb8 21.Rac1 b6 22.
Na4 Rxc2 23.Rxc2 Rxc2 24.Qxc2 Qd6 25.Nb1 f4 26.Nac3 fxe3 27.fxe3 Bf5 28.
Qb3 Bg5 29.Nxd5 Nc6 30.Nbc3 Qe6 31.Kf2 Kg7 32.Qd1 Bh4+ 33.g3 Bd8 34.e4 1-0

[Event "Nat. Club Major"]
[Site "Birmingham ENG"]
[Date "2015.04.12"]
[Round "3.233"]
[White "Sadler, Anthony"]
[Black "Carlucci, Paul A"]
[Result "1-0"]
[WhiteElo "160"]
[BlackElo "156"]
[EventDate "2015.04.12"]
[WhiteTeam "Solihull"]
[BlackTeam "DHSS 1"]

1.d4 Nf6 2.Nf3 e6 3.Bg5 d5 4.e3 Be7 5.Nbd2 Nbd7 6.Bd3 h6 7.Bh4 O-O 8.c3 c5
9.O-O b6 10.Ne5 Nxe5 11.dxe5 Nd7 12.Bg3 f5 13.f4 c4 14.Bc2 Bh4 15.Nf3 Bxg3
16.hxg3 Nc5 17.Nd4 a6 18.g4 Qc7 19.gxf5 exf5 20.Nxf5 Bxf5 21.Bxf5 Qf7 22.
Bc2 Rad8 23.Qf3 Qe6 24.b4 Nd7 25.Qh5 Rfe8 26.Rad1 Nf8 27.Rd2 b5 28.Rfd1 
Kh8 29.Kh2 Re7 30.Qf5 Qg8 31.Qh3 Qf7 32.g3 Qg8 33.e4 Red7 34.f5 Nh7 35.Qg2
Ng5 36.exd5 Qf7 37.e6 Qh5+ 38.Kg1 Rd6 39.Be4 Qg4 40.Rd4 Nxe4 41.Qxe4 Qxg3+
42.Qg2 Qxg2+ 43.Kxg2 Kg8 44.Kg3 Kf8 45.Kf4 Ke7 46.Ke5 a5 47.a3 axb4 48.
axb4 1-0

[Event "Nat. Club Major"]
[Site "Birmingham ENG"]
[Date "2015.04.12"]
[Round "3.234"]
[White "O'Gorman, Brendan"]
[Black "Roper, Paul"]
[Result "1/2-1/2"]
[WhiteElo "152"]
[BlackElo "160"]
[EventDate "2015.04.12"]
[WhiteTeam "DHSS 1"]
[BlackTeam "Solihull"]

1.Nf3 d5 2.c4 c6 3.g3 Nf6 4.Bg2 Bf5 5.cxd5 cxd5 6.Qb3 b6 7.O-O e6 8.Nc3 
Nc6 9.d3 Rc8 10.Bf4 Bd6 11.Bxd6 Qxd6 12.e4 Bg4 13.e5 Nxe5 14.Nxe5 Qxe5 15.
Rfe1 Qd4 16.Nb5 Qc5 17.Nxa7 Rc7 18.Qa4+ Ke7 19.d4 Qa5 20.Qxa5 bxa5 21.Nb5 
Rc2 22.Nc3 Rxb2 23.Nxd5+ Nxd5 24.Bxd5 Rd8 25.Bb3 Rxd4 26.Rab1 Rbd2 27.Rbc1
a4 28.Bc4 Bf3 29.h4 a3 30.Bb3 Bd5 31.Bxd5 Rxd5 32.Rc7+ Rd7 33.Rc3 Rxa2 34.
Ree3 Ra7 35.Kg2 Ra1 36.Red3 a2 37.Ra3 Rxa3 38.Rxa3 f5 39.Ra5 Kf6 40.f4 h6 
41.h5 g5 42.hxg6 Kxg6 43.Ra6 Kh5 44.Ra5 Kg4 45.Ra8 Kh5 46.Ra5 Kg6 47.Ra8 
h5 48.Rg8+ Kf7 49.Ra8 e5 50.Ra7+ Ke6 51.Ra6+ Ke7 1/2-1/2

[Event "Nat. Club Major"]
[Site "Birmingham ENG"]
[Date "2015.04.12"]
[Round "4.211"]
[White "Homer, Stephen J"]
[Black "James, Russell A"]
[Result "0-1"]
[WhiteElo "184"]
[BlackElo "195"]
[EventDate "2015.04.12"]
[WhiteTeam "Newton Abbot 1"]
[BlackTeam "Solihull"]

1.e4 e5 2.Nf3 Nc6 3.Bb5 Nf6 4.d3 Bc5 5.c3 O-O 6.Nbd2 d6 7.b4 Bb6 8.Nc4 d5 
9.Nxb6 axb6 10.Qc2 Bd7 11.Bxc6 Bxc6 12.Nd2 Ba4 13.Qb1 dxe4 14.dxe4 Nh5 15.
O-O Nf4 16.Nf3 Ne2+ 17.Kh1 Nxc3 18.Qb2 Nxe4 19.Qe2 Qd5 20.Re1 Bc6 21.Bb2 
f5 22.Red1 Qb5 23.Qe1 Rfe8 24.a4 Rxa4 25.Rxa4 Qxa4 26.Kg1 Qc2 27.Bxe5 Nxf2
28.Rd2 Nd3 29.Qa1 Qc4 30.Bg3 f4 31.Bh4 Bxf3 32.gxf3 Ne5 33.Qd1 Qc6 34.Kf2 
Ng6 35.Bd8 Qe6 36.Re2 Qxe2+ 37.Qxe2 Rxe2+ 38.Kxe2 c6 39.Bxb6 Kf7 40.Bd4 
Ne7 41.Kd3 g5 42.Ke4 Ke6 43.Bc5 Nf5 44.Bb6 Nd6+ 45.Kd4 h5 46.Bd8 g4 47.
fxg4 hxg4 48.Bh4 Nf5+ 49.Ke4 Nxh4 50.Kxf4 Nf3 51.Kxg4 Nxh2+ 52.Kf4 Kd5 53.
Ke3 Kc4 0-1

[Event "Nat. Club Major"]
[Site "Birmingham ENG"]
[Date "2015.04.12"]
[Round "4.212"]
[White "Carpenter, Raymond"]
[Black "Fraser, John"]
[Result "0-1"]
[WhiteElo "164"]
[BlackElo "177"]
[EventDate "2015.04.12"]
[WhiteTeam "Solihull"]
[BlackTeam "Newton Abbot 1"]

1.e4 c5 2.Nf3 d6 3.Bb5+ Bd7 4.Bxd7+ Qxd7 5.O-O Nc6 6.c3 Nf6 7.Re1 e6 8.d4 
cxd4 9.cxd4 d5 10.e5 Ne4 11.Ng5 Nxg5 12.Bxg5 Bb4 13.Re2 Rc8 14.Qd3 Qc7 15.
Rc2 O-O 16.Na3 Bxa3 17.Qxa3 Qb6 18.Be3 Nb4 19.Rxc8 Rxc8 20.Qb3 Nc2 21.Qxb6
axb6 22.Rc1 Rc6 23.b3 b5 24.Rd1 b4 25.Kf1 Nxe3+ 26.fxe3 Rc2 27.Ke1 Rxa2 
28.Rc1 g5 29.Rc7 Rb2 30.Rxb7 Rxb3 31.Kf2 Rb2+ 32.Kf3 Kg7 33.h3 h5 34.g4 h4
35.Rb6 Rh2 36.Rxb4 Rxh3+ 37.Kf2 Rg3 38.Rb1 Rxg4 39.Rh1 Kg6 40.Rh3 Rg3 41.
Rh1 Kf5 0-1

[Event "Nat. Club Major"]
[Site "Birmingham ENG"]
[Date "2015.04.12"]
[Round "4.213"]
[White "Thynne, Trefor F"]
[Black "Roper, Paul"]
[Result "1/2-1/2"]
[WhiteElo "168"]
[BlackElo "160"]
[EventDate "2015.04.12"]
[WhiteTeam "Newton Abbot 1"]
[BlackTeam "Solihull"]

1.d4 c6 2.c4 d5 3.Nf3 Nf6 4.Nc3 a6 5.e3 b5 6.b3 Bg4 7.Be2 e6 8.O-O Nbd7 9.
Bb2 Bd6 10.h3 Bh5 11.Rc1 O-O 12.Ne5 Bxe2 13.Nxe2 Rc8 14.Ng3 Rc7 15.Qd3 Qb8
16.c5 Be7 17.f4 Nxe5 18.dxe5 Nd7 1/2-1/2

[Event "Nat. Club Major"]
[Site "Birmingham ENG"]
[Date "2015.04.12"]
[Round "4.214"]
[White "Sadler, Anthony"]
[Black "Wilson, Matthew R"]
[Result "0-1"]
[WhiteElo "160"]
[BlackElo "157"]
[EventDate "2015.04.12"]
[WhiteTeam "Solihull"]
[BlackTeam "Newton Abbot 1"]

1.d4 Nf6 2.Nf3 e6 3.Bg5 Be7 4.e3 h6 5.Bh4 b6 6.Nbd2 Bb7 7.Bd3 c5 8.c3 cxd4
9.exd4 d6 10.O-O Nbd7 11.Qe2 Nh5 12.Bg3 Nxg3 13.fxg3 a6 14.Rae1 O-O 15.Bb1
Nf6 16.Nh4 Re8 17.Qd3 Qd7 18.a3 Qc6 19.Rf2 Qd5 20.h3 b5 21.Ne4 Nxe4 22.
Rxe4 Qxe4 23.Qxe4 Bxe4 24.Bxe4 d5 25.Bd3 Bxh4 26.gxh4 Rab8 27.h5 a5 28.b4 
Rec8 0-1

[Event "Nat. Club Major"]
[Site "Birmingham ENG"]
[Date "2015.04.12"]
[Round "4.221"]
[White "Spearman, David"]
[Black "Ismailov, Roman"]
[Result "1/2-1/2"]
[WhiteElo "188"]
[BlackElo "176"]
[EventDate "2015.04.12"]
[WhiteTeam "Wanstead & Woodford 1"]
[BlackTeam "GLCC 1"]

1.d4 d5 2.c3 c6 3.Bg5 Nd7 4.Nd2 Qc7 5.Ngf3 e5 6.dxe5 Nxe5 7.e4 dxe4 8.Nxe4
Bf5 9.Ng3 Be6 10.Nd4 Bg4 11.f3 Bd7 12.f4 Ng6 13.Qe2+ Be7 14.f5 Ne5 15.Bd2 
Nf6 1/2-1/2

[Event "Nat. Club Major"]
[Site "Birmingham ENG"]
[Date "2015.04.12"]
[Round "4.222"]
[White "Blades, Nigel"]
[Black "Reynolds, D Ian W"]
[Result "1/2-1/2"]
[WhiteElo "179"]
[BlackElo "186"]
[EventDate "2015.04.12"]
[WhiteTeam "GLCC 1"]
[BlackTeam "Wanstead & Woodford 1"]

1.d4 Nf6 2.c4 e6 3.Nf3 b6 4.g3 Ba6 5.b3 b5 6.Bg2 bxc4 7.Ne5 Bb4+ 8.Bd2 
cxb3 9.axb3 Bxd2+ 10.Qxd2 d5 11.Nc3 O-O 12.O-O Qd6 13.Rfc1 c5 14.e4 Bb7 
15.exd5 exd5 16.Nb5 Qb6 17.Qa5 Nbd7 18.Nxd7 Nxd7 19.Nc7 Rac8 20.Nxd5 Bxd5 
21.Bxd5 Qd6 22.Bc4 cxd4 23.Qf5 g6 24.Bxf7+ Kg7 25.Qd5 Rxc1+ 26.Rxc1 Qxd5 
27.Bxd5 Nb6 28.Rc7+ Kf6 29.Be4 Rf7 30.Rxf7+ Kxf7 31.f4 a5 32.Kf2 Nd7 33.
Kf3 1/2-1/2

[Event "Nat. Club Major"]
[Site "Birmingham ENG"]
[Date "2015.04.12"]
[Round "4.223"]
[White "Boardman, Jeffrey"]
[Black "Ponulak, Czeslaw (Sebastian)"]
[Result "1-0"]
[WhiteElo "179"]
[BlackElo "170"]
[EventDate "2015.04.12"]
[WhiteTeam "Wanstead & Woodford 1"]
[BlackTeam "GLCC 1"]

1.e4 c6 2.d4 d5 3.Nc3 dxe4 4.Nxe4 Bf5 5.Ng3 Bg6 6.h4 h6 7.f4 e6 8.Nf3 Nd7 
9.h5 Bh7 10.Bd3 Bxd3 11.Qxd3 Bd6 12.Ne4 Bc7 13.Bd2 Ngf6 14.O-O-O Nxe4 15.
Qxe4 Nf6 16.Qd3 Qd5 17.Kb1 O-O-O 18.Ne5 Rhf8 19.Bb4 Bd6 20.Bxd6 Rxd6 21.
Qa3 Kb8 22.g4 Rdd8 23.Rhe1 Qd6 24.Qb3 Nd5 25.f5 exf5 26.gxf5 f6 27.Nd3 
Rfe8 28.Nc5 b6 29.a4 Ka8 30.Ne6 Rd7 31.c4 Ne7 32.d5 c5 33.Qf3 Kb8 34.Nxg7 
Rg8 35.Re6 1-0

[Event "Nat. Club Major"]
[Site "Birmingham ENG"]
[Date "2015.04.12"]
[Round "4.224"]
[White "Packham, Tony"]
[Black "Haddock, Paul"]
[Result "0-1"]
[WhiteElo "169"]
[BlackElo "128"]
[EventDate "2015.04.12"]
[WhiteTeam "GLCC 1"]
[BlackTeam "Wanstead & Woodford 1"]

1.d4 Nf6 2.Bf4 c6 3.e3 Qb6 4.b3 d5 5.Bd3 Bg4 6.Nf3 e6 7.c3 a5 8.Nbd2 Nbd7 
9.O-O c5 10.h3 Bh5 11.Rc1 Bd6 12.Bxd6 Qxd6 13.Qc2 Bg6 14.e4 dxe4 15.Nxe4 
Nxe4 16.Bxe4 O-O 17.Rfd1 cxd4 18.Rxd4 Qc7 19.Rcd1 Nf6 20.Bxg6 hxg6 21.c4 
Rfd8 22.Qd3 Rxd4 23.Qxd4 Kh7 24.Ng5+ Kg8 25.f3 Kf8 26.Qd6+ Qxd6 27.Rxd6 
Ke7 28.Rd2 Rc8 29.Kf2 a4 30.Ke3 axb3 31.axb3 b5 32.cxb5 Rb8 33.Kd4 Rxb5 
34.Kc4 Rxg5 35.b4 Rd5 36.Ra2 Rd7 37.b5 Nd5 38.Ra6 Rb7 39.Kc5 Rxb5+ 0-1

[Event "Nat. Club Major"]
[Site "Birmingham ENG"]
[Date "2015.04.12"]
[Round "4.231"]
[White "Fielding, Thomas"]
[Black "Chan, Nevil"]
[Result "1-0"]
[WhiteElo "190"]
[BlackElo "179"]
[EventDate "2015.04.12"]
[WhiteTeam "DHSS 1"]
[BlackTeam "Drunken Knights"]

1.d4 b6 2.c4 Bb7 3.Nc3 e6 4.a3 f5 5.d5 Nf6 6.Nf3 Bd6 7.g3 c6 8.Bg2 O-O 9.
O-O Ne4 10.dxe6 Nxc3 11.Qxd6 Ne4 12.Qe5 Qe8 13.Nd4 d6 14.Qf4 g5 15.Qe3 c5 
16.Nb5 f4 17.Qd3 Qxe6 18.Nc7 Qe5 19.Bd2 d5 20.Nxa8 dxc4 21.Qxc4+ Bd5 22.
Bc3 Nxc3 23.Qxc3 Qxc3 24.Bxd5+ 1-0

[Event "Nat. Club Major"]
[Site "Birmingham ENG"]
[Date "2015.04.12"]
[Round "4.232"]
[White "Foley, John P"]
[Black "Cook, Gary"]
[Result "1-0"]
[WhiteElo "178"]
[BlackElo "173"]
[EventDate "2015.04.12"]
[WhiteTeam "Drunken Knights"]
[BlackTeam "DHSS 1"]

1.d4 d5 2.Nf3 Nf6 3.e3 Bf5 4.c4 e6 5.Nc3 c5 6.cxd5 Nxd5 7.Bb5+ Nd7 8.Ne5 
Nb6 9.Na4 Ke7 10.Nxd7 Nxd7 11.Bxd7 Qxd7 12.Nxc5 Qc6 13.O-O f6 14.f3 Kf7 
15.Qa4 Qxa4 16.Nxa4 Bd6 17.Re1 Bb4 18.Nc3 Rac8 19.Bd2 Rhd8 20.a3 Be7 21.
Rac1 Ke8 22.Kf2 b6 23.Ne2 Bc2 24.Bc3 Bb3 25.Nf4 a5 26.Ne2 Kf7 27.Bd2 Ke8 
28.Rxc8 Rxc8 29.Rc1 Rxc1 30.Nxc1 Bc4 31.Ne2 Kd7 32.e4 Kc6 33.g4 Kb5 34.
Nc3+ Kc6 35.f4 g6 36.Nd1 h6 37.Ne3 Bd3 38.Kf3 Bb1 39.d5+ exd5 40.Nxd5 Bd8 
41.f5 g5 42.Bc3 Kc5 43.Ke3 Ba2 44.Bxf6 Bxd5 45.Bxd8 Bf7 46.e5 Kd5 47.e6 
Be8 48.Bxb6 a4 49.Bd4 h5 50.h3 hxg4 51.hxg4 1-0

[Event "Nat. Club Major"]
[Site "Birmingham ENG"]
[Date "2015.04.12"]
[Round "4.233"]
[White "Carlucci, Paul A"]
[Black "Kane, Robert (Bob) B"]
[Result "1/2-1/2"]
[WhiteElo "156"]
[BlackElo "173"]
[EventDate "2015.04.12"]
[WhiteTeam "DHSS 1"]
[BlackTeam "Drunken Knights"]

1.d4 d5 2.Nf3 e6 3.e3 f5 4.Bd3 Nf6 5.O-O Bd6 6.b3 Qe7 7.Bb2 O-O 8.c4 c6 9.
a3 Bd7 10.Ne5 Be8 11.Nd2 Bh5 12.Be2 Bxe2 13.Qxe2 Ne4 14.f4 Nd7 15.Nxe4 
fxe4 16.Nxd7 Qxd7 17.c5 Bc7 18.b4 a5 19.Bc3 Ra7 20.Rfd1 Rfa8 21.b5 b6 22.
a4 Rb7 23.bxc6 Qxc6 24.Qb5 Qxb5 25.axb5 Rba7 26.Ra4 Kf7 27.g3 Kf6 28.Kg2 
Bd8 29.g4 g5 30.fxg5+ Kxg5 31.Kg3 Bc7+ 32.Kh3 Rf8 33.Be1 Rf3+ 34.Kg2 Kxg4 
35.Bxa5 Kh5 36.Rda1 bxa5 37.b6 Bxb6 38.cxb6 Rb7 39.Rb1 Rxe3 40.Rxa5 Rf3 
41.Ra7 1/2-1/2

[Event "Nat. Club Major"]
[Site "Birmingham ENG"]
[Date "2015.04.12"]
[Round "4.234"]
[White "Breed, Greg J"]
[Black "O'Gorman, Brendan"]
[Result "1-0"]
[WhiteElo "150"]
[BlackElo "152"]
[EventDate "2015.04.12"]
[WhiteTeam "Drunken Knights"]
[BlackTeam "DHSS 1"]

1.d4 Nf6 2.Nf3 d5 3.Bf4 c5 4.c3 Nc6 5.Nbd2 Qb6 6.Qb3 c4 7.Qc2 g6 8.e4 Nxe4
9.Nxe4 dxe4 10.Nd2 Bg7 11.Bxc4 O-O 12.O-O Bf5 13.Nxe4 e5 14.dxe5 Nxe5 15.
Bxe5 Bxe5 16.Bd3 Rad8 17.Rad1 Bg4 18.Be2 Bf5 19.Bf3 Qc7 20.g3 h5 21.h4 
Rfe8 22.Rxd8 Rxd8 23.Qa4 Qb6 24.Qb3 Qxb3 25.axb3 Bxe4 26.Bxe4 Rd2 27.Rb1 
Bc7 28.Bxb7 Bb6 29.Kg2 Rxf2+ 30.Kh3 Kg7 31.b4 f6 32.c4 g5 33.hxg5 fxg5 34.
Bg2 g4+ 35.Kh2 Bd4 36.Rd1 Bxb2 37.Rd7+ Rf7 38.Rd5 Kh6 39.c5 Rb7 40.Rd6+ 
Kg5 41.Bxb7 1-0